000 01293nam a22003497a 4500
003 CHAP
005 20220329140207.0
008 971013s1978 r 00010 d
010 _a48365
011 _a49337
035 _a53485
040 _cCHAP
082 _a128.3
_bT6 1974
100 0 0 _aTorre L., Fernando.
_9114003
245 _aIntroducción a la filosofía del hombre y de la sociedad, la filosofía en sus textos
250 _a4 ed.
260 _aMéxico, D.F. :
_bEsfinge,
_c1978
300 _a358 p.
_b: ilus.
590 _aBATCH-UPD
_b10
_c20130110
_lUCH01
_h2021
590 _aBATCH-UPD
_b10
_c20130410
_lUCH01
_h1339
590 _aCONVERSION
_b10
_c20130109
_lUCH01
_h1326
650 1 4 _aAntropologia filosofica.
_96143
700 0 _aRuiz de Santiago, Jaime.
_9100645
700 0 _aZarco N., Miguel Antonio.
_9123713
901 _aBK
942 _cLIBRO
949 _a128.3 T6 1974
_bBC
_cLIBRO
_d33724000920310
_eLIBRO
_fc.5
_h49775
_i53485
_si
949 _a128.3 T6 1974
_bBC
_cLIBRO
_d33724000920377
_eLIBRO
_h46823
_i53485
_si
949 _a128.3 T6 1974
_bBC
_cLIBRO
_d33724000937702
_eLIBRO
_fc.4
_h49774
_i53485
_si
949 _a128.3 T6 1974
_bBC
_cLIBRO
_d33724000938916
_eLIBRO
_fc.2
_h49772
_i53485
_si
949 _a128.3 T6 1974
_bBC
_cLIBRO
_d33724000939716
_eLIBRO
_fc.3
_h49773
_i53485
_si
999 _c48365
_d48365